Sagome di Ex-Stati con Bandiere - Statistics

Statistiche generali
  • Questo quiz è stato fatto 2.564 volte
  • Il punteggio medio è 9 su 16
Statistiche sulle risposte
con Immagini Risposta % Corretto
Unione Sovietica
96%
Yugoslavia
90%
Austria-Ungheria
81%
Cecoslovacchia
81%
Scozia
81%
Impero Ottomano
75%
Texas
68%
Germania Orientale
59%
Prussia
55%
Gran Colombia
46%
Sacro Romano Impero
41%
Tibet
36%
Zaire
36%
Vietnam del Sud
27%
Terranova
16%
Vermont
13%
Nessun quiz corrispondente trovato
Distribuzione punteggi
Percentuale di utenti per punteggio
Percentile per numero di risposta
I tuoi punteggi nel tempo
Non hai fatto questo quiz